[Event "VIII Floripa Chess Open 2022 - LIRA - m"]
[Site "Lira Tênis Clube - Florianó"]
[Date "2022.01.25"]
[Round "3.81"]
[White "Souza, Rafael Cabral De"]
[Black "Melo, Igor De Souza"]
[Result "1/2-1/2"]
[WhiteElo "2119"]
[BlackElo "1732"]
[PlyCount "118"]
[EventDate "2022.01.24"]
[EventRounds "10"]
[EventCountry "BRA"]

1. c4 e5 2. Nc3 Nf6 3. g3 d5 4. cxd5 Nxd5 5. Bg2 Nb6 6. Nf3 Nc6 7. O-O Be7 8.
Rb1 Be6 9. b4 a6 10. a4 f6 11. b5 axb5 12. axb5 Na5 13. d4 exd4 14. Nxd4 Bf7
15. Bh3 O-O 16. Ne6 Qxd1 17. Rxd1 Bxe6 18. Bxe6+ Kh8 19. Bf4 Bd8 20. Rxd8 Rfxd8
21. Bxc7 Re8 22. Bf7 Rec8 23. Bxb6 Rxc3 24. Ra1 Rc2 25. Bd5 Rxe2 26. Bxb7 Rb8
27. Rxa5 h5 28. Ra7 Re7 29. Bc6 Re1+ 30. Kg2 Rxb6 31. Ra8+ Kh7 32. h4 Re5 33.
Kf3 Rbxb5 34. Bxb5 Rxb5 35. Ra4 Kh6 36. Rc4 Rf5+ 37. Ke3 Re5+ 38. Kf4 Rb5 39.
f3 Ra5 40. Ke4 Re5+ 41. Kf4 Ra5 42. Ke3 Ra3+ 43. Ke4 Ra5 44. Kf4 Rb5 45. g4
hxg4 46. fxg4 g5+ 47. hxg5+ Rxg5 48. Rc8 Kg6 49. Ra8 Kh7 50. Ra3 Kg7 51. Rh3
Kg6 52. Rf3 Re5 53. Rf1 Rg5 54. Ra1 Kg7 55. Ra8 Kh7 56. Ra7+ Kg6 57. Re7 Ra5
58. Kg3 f5 59. Re6+ Kg5 1/2-1/2

[Event "VIII Floripa Chess Open 2022 - LIRA - m"]
[Site "Lira Tênis Clube - Florianó"]
[Date "2022.01.25"]
[Round "3.82"]
[White "Orlandi Neto, Aristides"]
[Black "Dianda, Joao Carlos"]
[Result "0-1"]
[WhiteElo "1731"]
[BlackElo "2117"]
[PlyCount "78"]
[EventDate "2022.01.24"]
[EventRounds "10"]
[EventCountry "BRA"]

1. e4 e6 2. d4 d5 3. Nd2 Nf6 4. Bd3 c5 5. exd5 exd5 6. Ngf3 c4 7. Be2 Bd6 8. c3
O-O 9. O-O Nc6 10. Re1 Bf5 11. Nf1 h6 12. Ng3 Bh7 13. h3 Bxg3 14. fxg3 Ne4 15.
g4 Qd6 16. Be3 Qg3 17. Qc1 f5 18. Bf4 Qf2+ 19. Kh1 fxg4 20. Be3 Ng3+ 21. Kh2
Nxe2 22. Bxf2 Nxc1 23. Raxc1 gxf3 24. gxf3 Rxf3 25. Bg3 Be4 26. Rcd1 Raf8 27.
Re2 Rf1 28. Ree1 Rxe1 29. Rxe1 Rf3 30. h4 Ne7 31. Re2 Nf5 32. Bf2 h5 33. a3 b5
34. Rd2 Nh6 35. Kg1 Ng4 36. Re2 Rh3 37. Rxe4 dxe4 38. d5 Nxf2 39. Kxf2 Kf7 0-1

[Event "VIII Floripa Chess Open 2022 - LIRA - m"]
[Site "Lira Tênis Clube - Florianó"]
[Date "2022.01.25"]
[Round "3.84"]
[White "Campagnolo, Fabiola"]
[Black "Guara Neto, Argemiro Braga"]
[Result "1/2-1/2"]
[WhiteElo "1714"]
[BlackElo "2060"]
[PlyCount "83"]
[EventDate "2022.01.24"]
[EventRounds "10"]
[EventCountry "BRA"]

1. d4 d5 2. e3 e6 3. Bd3 Nf6 4. Nd2 Nbd7 5. f4 c5 6. c3 a6 7. Ngf3 Be7 8. O-O
b5 9. Ne5 Bb7 10. Ndf3 h6 11. f5 exf5 12. Bxf5 O-O 13. Bd2 Bd6 14. Be1 Qe7 15.
Bg3 Rac8 16. Nxd7 Nxd7 17. Bxd6 Qxd6 18. Ne5 Bc6 19. Nxd7 Bxd7 20. Bxd7 Qxd7
21. dxc5 Rxc5 22. Rf4 Qe6 23. Qf3 Re8 24. Kf2 a5 25. Re1 Rc4 26. Re2 Re4 27. g4
Re7 28. Rf5 g6 29. Rf4 Kg7 30. h3 b4 31. cxb4 axb4 32. Rxe4 dxe4 33. Qf4 Qxa2
34. Qb8 Re6 35. Qxb4 Qb1 36. Kg2 Rf6 37. Rf2 Rxf2+ 38. Kxf2 Qh1 39. Qd4+ Kg8
40. Qd8+ Kg7 41. Qd4+ Kg8 42. Qd8+ 1/2-1/2

[Event "VIII Floripa Chess Open 2022 - LIRA - m"]
[Site "Lira Tênis Clube - Florianó"]
[Date "2022.01.25"]
[Round "3.85"]
[White "Mariani, Daniel Brandao"]
[Black "Felix, Luiza De Oliveira"]
[Result "1-0"]
[WhiteElo "2047"]
[BlackElo "1708"]
[PlyCount "77"]
[EventDate "2022.01.24"]
[EventRounds "10"]
[EventCountry "BRA"]

1. d4 Nf6 2. c4 g6 3. Nc3 Bg7 4. e4 d6 5. Be2 O-O 6. Bg5 c6 7. h4 Qa5 8. Qd2 h5
9. f3 e5 10. d5 cxd5 11. cxd5 Bd7 12. Nb5 Qxd2+ 13. Kxd2 Bxb5 14. Bxb5 a6 15.
Bd3 Nbd7 16. Ne2 Nc5 17. b4 Nxd3 18. Kxd3 Kh7 19. Rhc1 Rac8 20. a4 Ng8 21. Rxc8
Rxc8 22. Rc1 Rxc1 23. Bxc1 f5 24. Nc3 Bh6 25. Bg5 Bxg5 26. hxg5 f4 27. b5 Ne7
28. bxa6 bxa6 29. a5 Nc8 30. Na2 Na7 31. Nb4 Nb5 32. Nxa6 Nd4 33. Nc7 h4 34. a6
Nxf3 35. a7 Ne1+ 36. Ke2 h3 37. Kxe1 hxg2 38. Kf2 f3 39. a8=Q 1-0

[Event "VIII Floripa Chess Open 2022 - LIRA - m"]
[Site "Lira Tênis Clube - Florianó"]
[Date "2022.01.25"]
[Round "3.86"]
[White "De Arruda, Leandro Formes"]
[Black "Pereira Junior, Ignacio Marrero"]
[Result "1-0"]
[WhiteElo "2038"]
[BlackElo "1707"]
[PlyCount "131"]
[EventDate "2022.01.24"]
[EventRounds "10"]
[EventCountry "BRA"]

1. d4 Nf6 2. Nf3 d5 3. e3 Nbd7 4. Bd3 c5 5. c3 e6 6. Nbd2 Bd6 7. O-O O-O 8. Re1
b6 9. e4 dxe4 10. Nxe4 Be7 11. Bg5 Bb7 12. Qe2 h6 13. Bh4 Re8 14. Rad1 Qc8 15.
Bg3 Nxe4 16. Bxe4 Bxe4 17. Qxe4 Nf6 18. Qe2 cxd4 19. Nxd4 a6 20. Qf3 Nd5 21.
Re2 Bf6 22. Nf5 Be7 23. Rxd5 exf5 24. Rde5 Ra7 25. Rxf5 Bf8 26. Rxe8 Qxe8 27.
Re5 Qa4 28. a3 Rd7 29. h3 Rd8 30. Qe2 a5 31. Re4 Qc6 32. Qc4 Rd1+ 33. Kh2 Qg6
34. Qe2 Rb1 35. Re8 f5 36. Qc4+ Qf7 37. Qxf7+ Kxf7 38. Re2 g5 39. Bc7 Bc5 40.
b4 axb4 41. axb4 Be7 42. Bxb6 Bf6 43. Rc2 Rb3 44. c4 Rxb4 45. Bc5 Rb8 46. Kg1
Rb1+ 47. Kh2 Be5+ 48. g3 f4 49. Kg2 Rb3 50. gxf4 Bxf4 51. Bd4 Rd3 52. Bb6 Ke6
53. c5 Kd7 54. c6+ Kc8 55. Re2 Bc7 56. Bc5 Bf4 57. Re6 h5 58. Bb6 Bc7 59. Bxc7
Kxc7 60. Re5 g4 61. h4 Rd2 62. Rxh5 g3 63. Kxg3 Kxc6 64. Re5 Kd6 65. Re3 Rd5
66. Kg4 1-0

[Event "VIII Floripa Chess Open 2022 - LIRA - m"]
[Site "Lira Tênis Clube - Florianó"]
[Date "2022.01.25"]
[Round "3.87"]
[White "Reichert, Thiago Da Cruz"]
[Black "Da Silva, Esequiel Luis Melo"]
[Result "1-0"]
[WhiteElo "1986"]
[BlackElo "1704"]
[PlyCount "61"]
[EventDate "2022.01.24"]
[EventRounds "10"]
[EventCountry "BRA"]

1. d4 d5 2. c4 e6 3. Nc3 Nf6 4. Nf3 c6 5. e3 Bd6 6. Bd3 Nbd7 7. O-O O-O 8. b3
e5 9. cxd5 cxd5 10. dxe5 Nxe5 11. Nxe5 Bxe5 12. Bb2 Bxh2+ 13. Kxh2 Ng4+ 14. Kg3
Qd6+ 15. Kf3 Nh2+ 16. Ke2 Bg4+ 17. f3 Nxf1 18. Kxf1 Be6 19. Ne2 Qh2 20. Kf2
Rfe8 21. Bd4 Qh4+ 22. Ng3 g6 23. Qd2 Qg5 24. Rh1 Bd7 25. Qb2 a6 26. f4 Qe7 27.
Qe2 Rac8 28. Rxh7 Qxe3+ 29. Qxe3 Kxh7 30. Qf3 Kg8 31. f5 1-0

[Event "VIII Floripa Chess Open 2022 - LIRA - m"]
[Site "Lira Tênis Clube - Florianó"]
[Date "2022.01.25"]
[Round "3.88"]
[White "Castro, Leonardo Nascimento"]
[Black "Ramos, Angelo Bil"]
[Result "0-1"]
[WhiteElo "1703"]
[BlackElo "1985"]
[PlyCount "96"]
[EventDate "2022.01.24"]
[EventRounds "10"]
[EventCountry "BRA"]

1. d4 Nf6 2. c4 g6 3. f3 d5 4. cxd5 Nxd5 5. e4 Nb6 6. Nc3 Bg7 7. Be3 O-O 8. Qd2
Nc6 9. d5 Na5 10. Bd4 Nac4 11. Qf2 e5 12. Bc5 Re8 13. O-O-O Bd7 14. h4 h5 15.
Be2 Qf6 16. a3 Nd6 17. Nh3 Na4 18. Nxa4 Bxa4 19. b3 Bb5 20. Bxd6 Bxe2 21. Qxe2
cxd6 22. Qe3 Rec8+ 23. Kb1 Rc5 24. Rc1 Rac8 25. Rxc5 Rxc5 26. Rc1 Rxc1+ 27.
Kxc1 Qd8 28. Kb2 Qd7 29. Ng1 a6 30. Qb6 Bf6 31. a4 Bd8 32. Qb4 Kf8 33. Kc3 Ke8
34. Kd2 Qc7 35. Ne2 Kd7 36. Kd3 Qb6 37. Qxb6 Bxb6 38. f4 f6 39. fxe5 fxe5 40.
Kd2 Bf2 41. Kd3 Kc7 42. Kc4 Kb6 43. b4 Be1 44. Kb3 a5 45. bxa5+ Kxa5 46. Ka3
Kb6 47. Kb2 Kc5 48. Kb3 b6 0-1

[Event "VIII Floripa Chess Open 2022 - LIRA - m"]
[Site "Lira Tênis Clube - Florianó"]
[Date "2022.01.25"]
[Round "3.89"]
[White "Lima, Stefan Moisei Vieir"]
[Black "Rodrigo Yanguas, Maria"]
[Result "1-0"]
[WhiteElo "1682"]
[BlackElo "1970"]
[PlyCount "61"]
[EventDate "2022.01.24"]
[EventRounds "10"]
[EventCountry "BRA"]

1. e4 Nf6 2. e5 Nd5 3. c4 Nb6 4. d4 d6 5. f4 dxe5 6. fxe5 Bf5 7. Be3 e6 8. Nc3
Nc6 9. Be2 Bb4 10. Nf3 Na5 11. O-O Naxc4 12. Bxc4 Nxc4 13. Qa4+ Qd7 14. Qxb4
Nxe3 15. Qxb7 O-O 16. Rf2 Rfb8 17. Qa6 Nc2 18. Rd1 Rxb2 19. d5 Rb6 20. Qe2 Qe7
21. dxe6 fxe6 22. Rd2 Qc5 23. Rxc2 Bxc2 24. Qxc2 Rc6 25. Ng5 g6 26. Nge4 Qxe5
27. Qd3 Qg7 28. Nf6+ Kh8 29. Qe4 Rf8 30. Qxc6 Rxf6 31. Qe8+ 1-0

[Event "VIII Floripa Chess Open 2022 - LIRA - m"]
[Site "Lira Tênis Clube - Florianó"]
[Date "2022.01.25"]
[Round "3.90"]
[White "Ferreira, Thales Bond Dias"]
[Black "Da Silva Junior, Marco Aurelio"]
[Result "1-0"]
[WhiteElo "1970"]
[BlackElo "1690"]
[PlyCount "73"]
[EventDate "2022.01.24"]
[EventRounds "10"]
[EventCountry "BRA"]

1. d4 d5 2. c4 e6 3. Nc3 Nf6 4. cxd5 exd5 5. Bg5 Be7 6. e3 O-O 7. Bd3 c6 8. Qc2
h6 9. Bh4 Nbd7 10. Nf3 Re8 11. O-O Nh5 12. Bxe7 Qxe7 13. Rab1 Nhf6 14. b4 a6
15. a4 Ne4 16. Bxe4 dxe4 17. Nd2 Nf6 18. Nc4 Nd5 19. Nxd5 cxd5 20. Nb6 Rb8 21.
Nxd5 Qg5 22. Nf4 Bd7 23. Rfc1 b5 24. a5 Rbc8 25. Qd2 Qf5 26. Rc5 Rxc5 27. dxc5
Be6 28. Qd6 g5 29. Ne2 Qd5 30. Qxd5 Bxd5 31. Rd1 Bc4 32. Ng3 Bd3 33. f3 Kg7 34.
fxe4 Bxe4 35. Rd6 Bb7 36. Nf5+ Kf8 37. Rb6 1-0

[Event "VIII Floripa Chess Open 2022 - LIRA - m"]
[Site "Lira Tênis Clube - Florianó"]
[Date "2022.01.25"]
[Round "3.91"]
[White "Pironti, Francisco Ferrari"]
[Black "Pontes, Israel Fillip Da Si"]
[Result "0-1"]
[WhiteElo "1665"]
[BlackElo "1967"]
[PlyCount "76"]
[EventDate "2022.01.24"]
[EventRounds "10"]
[EventCountry "BRA"]

1. c4 Nf6 2. Nc3 d5 3. cxd5 Nxd5 4. g3 e6 5. Bg2 Be7 6. e4 Nxc3 7. bxc3 c5 8.
Ne2 O-O 9. d4 cxd4 10. cxd4 Bb4+ 11. Bd2 Qa5 12. Bxb4 Qxb4+ 13. Qd2 Qxd2+ 14.
Kxd2 Rd8 15. Rhc1 Bd7 16. e5 Bc6 17. Bxc6 Nxc6 18. Ke3 Rd7 19. Rc4 Rad8 20. Rb1
h5 21. f4 a6 22. Rd1 Ne7 23. Nc3 b5 24. Rb4 Rc8 25. Rb3 Nf5+ 26. Ke4 Rc4 27.
Ne2 Rc2 28. Nc1 Rxh2 29. d5 Rc2 30. d6 Rc4+ 31. Kd3 Nxg3 32. Rc3 Rxf4 33. Ne2
Nxe2 34. Kxe2 Re4+ 35. Kf3 Rxe5 36. Rc7 Rd8 37. d7 Kf8 38. Rd6 Ke7 0-1

[Event "VIII Floripa Chess Open 2022 - LIRA - m"]
[Site "Lira Tênis Clube - Florianó"]
[Date "2022.01.25"]
[Round "3.92"]
[White "Crespo Ruiz, Manuel Maria"]
[Black "Sarda, Pedro Sada"]
[Result "0-1"]
[WhiteElo "1967"]
[BlackElo "1689"]
[PlyCount "58"]
[EventDate "2022.01.24"]
[EventRounds "10"]
[EventCountry "BRA"]

1. d4 Nf6 2. Nf3 d5 3. e3 c5 4. c3 e6 5. Bd3 Bd6 6. Nbd2 Nbd7 7. O-O O-O 8. Re1
b6 9. e4 dxe4 10. Nxe4 Be7 11. Qe2 Bb7 12. Ng3 Bxf3 13. Qxf3 cxd4 14. cxd4 Nd5
15. a3 N7f6 16. Bd2 Qd7 17. Rad1 Rfd8 18. h4 Ne8 19. Ne2 Bf6 20. g4 g6 21. h5
Rac8 22. Kg2 Nd6 23. hxg6 hxg6 24. Rh1 Nb5 25. g5 Nxd4 26. Qh3 Bg7 27. Qh4 Nxe2
28. Qh7+ Kf8 29. Bb4+ Nxb4 0-1

[Event "VIII Floripa Chess Open 2022 - LIRA - m"]
[Site "Lira Tênis Clube - Florianó"]
[Date "2022.01.25"]
[Round "3.93"]
[White "Dias, Juliane De Oliveira"]
[Black "Fontoura, Rogerio Lemos"]
[Result "1/2-1/2"]
[WhiteElo "1663"]
[BlackElo "1965"]
[PlyCount "82"]
[EventDate "2022.01.24"]
[EventRounds "10"]
[EventCountry "BRA"]

1. e4 e5 2. Nf3 Nc6 3. Bc4 Bc5 4. c3 Nf6 5. d4 exd4 6. cxd4 Bb4+ 7. Bd2 Nxe4 8.
Bxb4 Nxb4 9. Qb3 d5 10. Qxb4 dxc4 11. Qxc4 O-O 12. O-O Be6 13. Qd3 Nd6 14. Re1
Re8 15. Nc3 Bf5 16. Rxe8+ Qxe8 17. Qd2 f6 18. Re1 Qf7 19. b3 Re8 20. Rxe8+ Qxe8
21. Nd5 c6 22. Nc3 Kf7 23. Qf4 Qe7 24. h3 g5 25. Qc1 Ne4 26. Na4 Qb4 27. g4 Be6
28. Qe3 Bd5 29. Nc5 Nxc5 30. dxc5 Bxf3 31. Qxf3 Qxc5 32. Qe4 f5 33. gxf5 Qd5
34. Qc2 Kf6 35. Qc3+ Qe5 36. Qb4 Qe7 37. Qd4+ Kxf5 38. Qxa7 Qe1+ 39. Kg2 Qe4+
40. Kg1 Qe1+ 41. Kg2 Qe4+ 1/2-1/2

[Event "VIII Floripa Chess Open 2022 - LIRA - m"]
[Site "Lira Tênis Clube - Florianó"]
[Date "2022.01.25"]
[Round "3.94"]
[White "Ikejiri, Daniel Yoshito"]
[Black "Ferreira, Carlos Eduardo"]
[Result "1-0"]
[WhiteElo "1961"]
[BlackElo "1686"]
[PlyCount "41"]
[EventDate "2022.01.24"]
[EventRounds "10"]
[EventCountry "BRA"]

1. e4 c5 2. Nf3 Nc6 3. d4 cxd4 4. Nxd4 d6 5. Nc3 g6 6. Be3 Bg7 7. Qd2 Nf6 8. f3
a6 9. Bc4 Bd7 10. O-O-O O-O 11. h4 b5 12. Bb3 Ne5 13. Bh6 Nc4 14. Bxc4 bxc4 15.
Bxg7 Kxg7 16. h5 Rb8 17. hxg6 fxg6 18. Qh6+ Kg8 19. e5 Qb6 20. exf6 Qxb2+ 21.
Kd2 1-0

[Event "VIII Floripa Chess Open 2022 - LIRA - m"]
[Site "Lira Tênis Clube - Florianó"]
[Date "2022.01.25"]
[Round "3.95"]
[White "Lopes, Leonardo Borges"]
[Black "Bassani, Jaison Jose"]
[Result "0-1"]
[WhiteElo "1653"]
[BlackElo "1961"]
[PlyCount "46"]
[EventDate "2022.01.24"]
[EventRounds "10"]
[EventCountry "BRA"]

1. e4 c5 2. Nf3 Nc6 3. d4 cxd4 4. Nxd4 Nf6 5. Nc3 e5 6. Ndb5 d6 7. Bg5 a6 8.
Na3 b5 9. Bxf6 gxf6 10. Nd5 Bg7 11. c3 f5 12. Bd3 Be6 13. Nc2 O-O 14. Qf3 Bxd5
15. exd5 e4 16. Qxf5 exd3 17. Qxd3 Re8+ 18. Ne3 Ne5 19. Qf5 Nc4 20. O-O Nxb2
21. Rac1 Rc8 22. Qg4 Qf6 23. Qg3 Qg6 0-1

[Event "VIII Floripa Chess Open 2022 - LIRA - m"]
[Site "Lira Tênis Clube - Florianó"]
[Date "2022.01.25"]
[Round "3.96"]
[White "Haraguchi, Diego Sashaki"]
[Black "Schmidt, Erick Eduardo Da Si"]
[Result "1/2-1/2"]
[WhiteElo "1953"]
[BlackElo "1683"]
[PlyCount "141"]
[EventDate "2022.01.24"]
[EventRounds "10"]
[EventCountry "BRA"]

1. d4 d5 2. Nf3 Nf6 3. g3 e6 4. Bg2 c5 5. O-O cxd4 6. Nxd4 Nc6 7. c4 Bc5 8. Nb3
Be7 9. cxd5 exd5 10. Nc3 Be6 11. Nd4 O-O 12. Nxe6 fxe6 13. Qb3 Qb6 14. Bh3 Kf7
15. Qd1 Rad8 16. e3 e5 17. Qe2 Kg8 18. Rd1 d4 19. exd4 Nxd4 20. Qc4+ Kh8 21.
Be3 Qxb2 22. Bxd4 Rxd4 23. Qb3 Qxb3 24. axb3 Rfd8 25. Re1 Bb4 26. Re3 a6 27.
Ne2 Re4 28. Rxe4 Nxe4 29. Bg2 Nc5 30. Rc1 a5 31. Rf1 b6 32. Nc1 Ba3 33. Bc6
Bxc1 34. Rxc1 Nxb3 35. Re1 Nd4 36. Be4 b5 37. Kg2 b4 38. Bb1 a4 39. Rxe5 g6 40.
Re7 Ra8 41. Re4 b3 42. Rxd4 a3 43. Rd1 Rc8 44. Rd3 a2 45. Bxa2 bxa2 46. Ra3 Rc2
47. Ra7 Kg8 48. Kf3 Kf8 49. Ke3 Ke8 50. h4 Kd8 51. f3 Kc8 52. Kd3 Rf2 53. Ke4
Kb8 54. Ra3 Re2+ 55. Kf4 h6 56. Kg4 Kb7 57. h5 gxh5+ 58. Kxh5 Rh2+ 59. Kg6 Rh3
60. g4 Rxf3 61. Rxa2 Rg3 62. Ra4 Rb3 63. Rc4 Kb6 64. Rc8 Rg3 65. Kf5 Rf3+ 66.
Ke5 Re3+ 67. Kf5 Rh3 68. Rc2 Kb5 69. Rc7 Kb6 70. Rc8 Kb7 71. Rc4 1/2-1/2

[Event "VIII Floripa Chess Open 2022 - LIRA - m"]
[Site "Lira Tênis Clube - Florianó"]
[Date "2022.01.25"]
[Round "3.97"]
[White "Mariot Vaz, Joao Antonio Bertol"]
[Black "Lima, Vinicius Taishun"]
[Result "0-1"]
[WhiteElo "1645"]
[BlackElo "1952"]
[PlyCount "78"]
[EventDate "2022.01.24"]
[EventRounds "10"]
[EventCountry "BRA"]

1. c4 c5 2. Nc3 Nc6 3. Nf3 g6 4. g3 Bg7 5. Bg2 e5 6. O-O d6 7. a3 Be6 8. d3 h6
9. Rb1 a5 10. Ne1 Nge7 11. Nc2 d5 12. cxd5 Nxd5 13. Ne3 Nde7 14. Nc4 O-O 15.
Be3 b6 16. Qa4 Bd7 17. Qb3 Rb8 18. Nb5 Be6 19. Qc2 Bd5 20. Bd2 Bxg2 21. Kxg2
Kh7 22. b4 cxb4 23. axb4 Qd5+ 24. f3 Qxb5 25. bxa5 Qc5 26. Be3 Nd4 27. axb6 Nd5
28. Bxd4 exd4 29. Qb3 Rfe8 30. Rb2 Ne3+ 31. Nxe3 dxe3 32. Rfb1 Re6 33. b7 Re7
34. Rc1 Qa7 35. Qd5 Rexb7 36. Rxb7 Qxb7 37. Qd6 Qb2 38. Rc7 Qxe2+ 39. Kh3 Qxf3
0-1

[Event "VIII Floripa Chess Open 2022 - LIRA - m"]
[Site "Lira Tênis Clube - Florianó"]
[Date "2022.01.25"]
[Round "3.98"]
[White "Frattini, Beatriz Maria"]
[Black "Conor, Gilberto Bordignon"]
[Result "0-1"]
[WhiteElo "1948"]
[BlackElo "1673"]
[PlyCount "100"]
[EventDate "2022.01.24"]
[EventRounds "10"]
[EventCountry "BRA"]

1. e4 Nf6 2. e5 Nd5 3. d4 d6 4. Nf3 g6 5. Bc4 Nb6 6. Bb3 Bg7 7. O-O dxe5 8.
Nxe5 Bxe5 9. dxe5 Qxd1 10. Rxd1 Nc6 11. Bh6 Na5 12. Nc3 Nxb3 13. axb3 a6 14.
Rd2 Bd7 15. Be3 Bc6 16. Bh6 Nd7 17. Re1 Nc5 18. Red1 Ne6 19. Nd5 g5 20. h4 gxh4
21. f4 Rg8 22. f5 Bxd5 23. Rxd5 Ng5 24. Kh2 Rc8 25. R5d4 h3 26. Bxg5 Rxg5 27.
gxh3 c5 28. Rg4 Rxg4 29. hxg4 c4 30. b4 c3 31. b3 Rd8 32. Rxd8+ Kxd8 33. Kg3
Kc7 34. Kf4 Kc6 35. g5 e6 36. fxe6 fxe6 37. Ke4 Kb5 38. Kf4 Kxb4 39. Kg4 Ka3
40. Kh5 Kb2 41. Kh6 Kxc2 42. Kxh7 Kxb3 43. g6 c2 44. g7 c1=Q 45. g8=Q Qh1+ 46.
Kg6 Qg1+ 47. Kf7 Qxg8+ 48. Kxg8 Kc4 49. Kf7 Kd5 50. Kf6 b5 0-1

[Event "VIII Floripa Chess Open 2022 - LIRA - m"]
[Site "Lira Tênis Clube - Florianó"]
[Date "2022.01.25"]
[Round "3.99"]
[White "Kim, Thiago"]
[Black "Tsuchie, Pedro Pinheiro"]
[Result "1-0"]
[WhiteElo "1943"]
[BlackElo "1660"]
[PlyCount "131"]
[EventDate "2022.01.24"]
[EventRounds "10"]
[EventCountry "BRA"]

1. e4 e6 2. d4 d5 3. Bd3 dxe4 4. Bxe4 Nf6 5. Bf3 c5 6. Ne2 Be7 7. Be3 Qb6 8.
Nbc3 Nc6 9. O-O Nxd4 10. Nxd4 cxd4 11. Qxd4 Qxd4 12. Bxd4 Bd7 13. Bxb7 Rb8 14.
Bf3 Rxb2 15. Nd5 Rxc2 16. Nxe7 Kxe7 17. Bxa7 Rhc8 18. a4 Bc6 19. Bd1 Rd2 20.
Be3 Rd7 21. Be2 Nd5 22. Bc5+ Ke8 23. Rfc1 Nf4 24. Bc4 Nd3 25. Bxd3 Rxd3 26. Be3
Bd7 27. Rcb1 Ra8 28. a5 Bc8 29. h3 Rd5 30. Bb6 Ba6 31. Rc1 Ke7 32. Ra3 Be2 33.
Rc2 Bb5 34. Rac3 Rd3 35. Rc7+ Kf6 36. R7c5 Rd5 37. Rc7 Rd7 38. g4 Rxc7 39. Rxc7
Kg6 40. Kg2 Rd8 41. Kg3 Rd3+ 42. Be3 Rd7 43. Rc8 Rd6 44. h4 f6 45. Rb8 Ba6 46.
Rf8 h5 47. g5 Rd5 48. gxf6 Rxa5 49. Bg5 Rf5 50. Rg8 Rxf6 51. Bxf6 Kxf6 52. Ra8
Bd3 53. Rh8 Kg6 54. Kf4 Bf5 55. Ke5 Bg4 56. Rb8 Bf5 57. Rb6 Kf7 58. Rb7+ Kg6
59. Re7 Kh6 60. f4 Bg4 61. Rxe6+ Bxe6 62. Kxe6 g6 63. Kf6 Kh7 64. Kf7 Kh6 65.
Kg8 g5 66. fxg5+ 1-0

[Event "VIII Floripa Chess Open 2022 - LIRA - m"]
[Site "Lira Tênis Clube - Florianó"]
[Date "2022.01.25"]
[Round "3.100"]
[White "Goetten Wagner, Julia"]
[Black "Bonvini, Alberto Tonhati"]
[Result "0-1"]
[WhiteElo "1638"]
[BlackElo "1941"]
[PlyCount "62"]
[EventDate "2022.01.24"]
[EventRounds "10"]
[EventCountry "BRA"]

1. e4 e5 2. Nf3 Nc6 3. Bb5 a6 4. Ba4 Nf6 5. O-O d6 6. Re1 b5 7. Bb3 Be7 8. a4
Bb7 9. d3 Na5 10. Ba2 c5 11. Nc3 Qd7 12. Bg5 O-O 13. Ne2 Kh8 14. Ng3 Ng8 15.
Bd2 Nc6 16. Nf5 Bf6 17. Ng5 Bxg5 18. Bxg5 f6 19. Bd2 Nge7 20. Ng3 f5 21. exf5
Nxf5 22. Ne4 Rad8 23. Qh5 Ncd4 24. Ng5 g6 25. Qd1 Nh4 26. Ne4 Nhf3+ 27. Kh1
Nxe1 28. Bxe1 Bxe4 29. dxe4 c4 30. Bb4 Rxf2 31. c3 Nc2 0-1

[Event "VIII Floripa Chess Open 2022 - LIRA - m"]
[Site "Lira Tênis Clube - Florianó"]
[Date "2022.01.25"]
[Round "3.101"]
[White "Peixoto, Rudson Marinho"]
[Black "Franzen, Mark Scheer"]
[Result "0-1"]
[WhiteElo "1941"]
[BlackElo "1649"]
[PlyCount "104"]
[EventDate "2022.01.24"]
[EventRounds "10"]
[EventCountry "BRA"]

1. e4 e6 2. d4 d5 3. Nc3 c5 4. Nf3 Nc6 5. Bb5 Bd7 6. exd5 exd5 7. O-O Be7 8.
Nxd5 Nxd4 9. Nxd4 cxd4 10. Bf4 Bxb5 11. Nc7+ Kf8 12. Nxb5 Qb6 13. Nxd4 Rd8 14.
Be3 Bf6 15. c3 Qxb2 16. Qb3 Qxb3 17. axb3 a6 18. Rfd1 g6 19. Ne2 Rxd1+ 20. Rxd1
Kg7 21. Rd7 b5 22. Ra7 Ne7 23. Rxa6 Rc8 24. g4 Nd5 25. Bd4 Bxd4 26. cxd4 Rc2
27. Rd6 Ne3 28. fxe3 Rxe2 29. Rb6 Rxe3 30. Rxb5 Re4 31. Rd5 Rxg4+ 32. Kf2 h5
33. b4 h4 34. b5 h3 35. b6 Rg2+ 36. Ke3 Rb2 37. Rd6 Rxh2 38. Rc6 Rb2 39. d5 h2
40. Rc1 Rxb6 41. Kd4 Kf6 42. Kc5 Rb2 43. Kd6 Rg2 44. Rf1+ Kg7 45. Rh1 g5 46.
Ke5 g4 47. d6 g3 48. Kf4 Rg1 49. d7 Rxh1 50. d8=Q Rf1+ 51. Kg4 h1=Q 52. Qd4+
Rf6 0-1

[Event "VIII Floripa Chess Open 2022 - LIRA - m"]
[Site "Lira Tênis Clube - Florianó"]
[Date "2022.01.25"]
[Round "3.102"]
[White "Gomes, Maria Eduarda Papin"]
[Black "Montanu, Dan-Vladimir"]
[Result "0-1"]
[WhiteElo "1627"]
[BlackElo "1940"]
[PlyCount "86"]
[EventDate "2022.01.24"]
[EventRounds "10"]
[EventCountry "BRA"]

1. d4 d5 2. c4 e6 3. Nc3 c6 4. cxd5 exd5 5. Qc2 g6 6. Nf3 Bf5 7. Qd1 Bg7 8. Bg5
Qb6 9. b3 Nf6 10. Na4 Qb4+ 11. Bd2 Qd6 12. e3 O-O 13. Nc5 b6 14. Nd3 Nbd7 15.
Rc1 Ne4 16. Bb4 c5 17. Ba3 Rfe8 18. Nf4 Qxf4 19. exf4 Nc3+ 20. Kd2 Nxd1 21.
Kxd1 cxd4 22. Nh4 Be6 23. Bb5 Rac8 24. Rxc8 Rxc8 25. h3 h5 26. f3 Bf6 27. g3
Rc3 28. Bb2 Rc5 29. Bd3 Rc7 30. b4 b5 31. Ng2 a6 32. g4 Nb6 33. Re1 Na4 34. Ba1
Nc3+ 35. Kd2 Nxa2 36. f5 gxf5 37. gxf5 Bd7 38. Nf4 Nxb4 39. Nxh5 Bh4 40. Rg1+
Kf8 41. Bxd4 Nxd3 42. Kxd3 Bxf5+ 43. Ke3 Rc2 0-1

[Event "VIII Floripa Chess Open 2022 - LIRA - m"]
[Site "Lira Tênis Clube - Florianó"]
[Date "2022.01.25"]
[Round "3.103"]
[White "Lima, Carlos Eduardo I De"]
[Black "De Oliveira Filho, Fernando F"]
[Result "1-0"]
[WhiteElo "1938"]
[BlackElo "1642"]
[PlyCount "85"]
[EventDate "2022.01.24"]
[EventRounds "10"]
[EventCountry "BRA"]

1. d4 d5 2. Nf3 e6 3. Bf4 Bd6 4. Bg3 Nc6 5. e3 Nge7 6. c3 Ng6 7. Bd3 Qe7 8.
Nbd2 e5 9. dxe5 Ngxe5 10. Nxe5 Bxe5 11. Nf3 Bg4 12. Qb3 O-O-O 13. Nxe5 Nxe5 14.
Bxe5 Qxe5 15. Qa4 Bd7 16. Qxa7 Bc6 17. Qd4 Qg5 18. O-O-O Qxg2 19. Rhg1 Qxh2 20.
Rxg7 Kb8 21. Rxf7 Rdf8 22. Qf4 Qxf4 23. Rxf4 Rxf4 24. exf4 h5 25. Rh1 h4 26.
Rh2 Bd7 27. Bg6 Bg4 28. f5 Rh6 29. Kd2 h3 30. Ke3 Kc8 31. Kf4 Be2 32. Ke5 Rh8
33. Kf6 Bf1 34. Kg7 Rd8 35. f6 Kd7 36. Bf5+ Ke8 37. Bxh3 Bxh3 38. Rxh3 Rd7+ 39.
Kg6 Rf7 40. Rh8+ Rf8 41. Rh7 Rg8+ 42. Rg7 Kf8 43. Kh7 1-0

[Event "VIII Floripa Chess Open 2022 - LIRA - m"]
[Site "Lira Tênis Clube - Florianó"]
[Date "2022.01.25"]
[Round "3.104"]
[White "Gamarra, Ramon"]
[Black "De Albuquelque, Gabriel Tenorio"]
[Result "1-0"]
[WhiteElo "1937"]
[BlackElo "1634"]
[PlyCount "127"]
[EventDate "2022.01.24"]
[EventRounds "10"]
[EventCountry "BRA"]

1. c4 e5 2. Nc3 Nc6 3. g3 f5 4. Bg2 Nf6 5. e3 d6 6. Nge2 Bd7 7. d3 g5 8. Nd5
Nxd5 9. Bxd5 Qf6 10. Bd2 Nd8 11. Bg2 Bc6 12. Bd5 Bg7 13. Bc3 Bxd5 14. cxd5 Qf7
15. Qa4+ c6 16. dxc6 Nxc6 17. f4 Qd5 18. O-O-O Qf3 19. Rhe1 Qxe3+ 20. Kb1 Qb6
21. Nd4 O-O 22. Ne6 Rfe8 23. Nxg5 Qc5 24. Qb3+ d5 25. Qxb7 Ne7 26. Bb4 Qc6 27.
Qxc6 Nxc6 28. Bd6 h6 29. Nf3 e4 30. Nh4 Nd4 31. Bc5 Reb8 32. Bxd4 Bxd4 33. b3
Bc3 34. Re2 a5 35. dxe4 a4 36. Kc2 Rc8 37. Rxd5 axb3+ 38. axb3 Ra2+ 39. Kd3
fxe4+ 40. Rxe4 Rd2+ 41. Ke3 Rxd5 42. Ng6 Bf6 43. Rb4 Kf7 44. Ke4 Rdc5 45. f5
Re8+ 46. Kf4 Rc7 47. h4 Rd8 48. Ke4 Rcd7 49. Rb5 Rd4+ 50. Kf3 Rd3+ 51. Kg2 R3d5
52. Rb6 Rxf5 53. Nf4 Rg8 54. Rb7+ Be7 55. Kf3 h5 56. b4 Rc8 57. Ke4 Rf6 58.
Nxh5 Re6+ 59. Kf5 Rc1 60. Nf4 Rf6+ 61. Kg4 Rc4 62. b5 Rg6+ 63. Kh3 Rc3 64. Nxg6
1-0